| 000 | 00364nam a2200157 4500 | ||
|---|---|---|---|
| 008 | 160927s ||||xo d | ||
| 100 | 1 |
_aHarper Bob _915 |
|
| 700 | 1 |
_aCritser Greg _916 |
|
| 245 | 1 | 0 | _aPravidlá štíhlosti |
| 250 | _a1. vydanie | ||
| 300 | _a305 s. | ||
| 020 |
_a978-80-551-3651-6 _c3,00 |
||
| 041 | 1 | _aslo | |
| 044 |
_axo _cSK |
||
| 958 | _aA | ||
| 999 |
_c21129 _d21129 |
||